000 01316nam2a22002651 4500
001 rc\3600420
005 20250610050010.0
035 _a(NLR Aleph) 007707018
090 _a6809655
_c6809655
100 _a20130115d1974 |||y0rusy50 ca
101 0 _arus
102 _aRU
105 _ab z |||c|
200 1 _aГидрогеологический очерк
_fСост. Н.Н. Камилов, Ш.Т. Басимов
210 _d1974
_aБ. м.
215 _a59 с.
_cкарт.
333 _aДСП. Экз. № 0007
461 0 _1001rc\3600419
_12001#$aПодземные воды СССР$eОбзор подземных вод Кашкадарьинской области$e[В 3 т.]$eТ. 1-$fМ-во геологии СССР. Всесоюз. геол. фонд. М-во геологии УзССР$vТ. 1
_96809650
_cМосква
_d1974
_fМ-во геологии СССР. Всесоюз. геол. фонд. М-во геологии УзССР
_nБ. и.
_oОбзор подземных вод Кашкадарьинской области : [В 3 т.] : Т. 1-
_tПодземные воды СССР
_vТ. 1
702 1 _aБасимов
_bШ.Т.
_4220
702 1 _aКамилов
_bН.Н.
_4220
801 0 _aRU
_bNLR
_gpsbo
801 1 _aRU
_bELAR
_2rusmarc
852 _aNLR
_j75-50к/3131
942 _cBOOK
980 _aNB